| 000 | 01244cab a2200229 4500 | ||
|---|---|---|---|
| 001 | ##L135359 | ||
| 008 | 061018n2006 000 0 eng u | ||
| 035 | _a(Sirsi) u135359 | ||
| 041 | 0 | _aeng | |
| 110 | 2 | _aBuilding Research Establishment | |
| 245 | 0 | 0 | _aNew competent person scheme |
| 260 | _c2006 | ||
| 490 | 0 |
_aBRE News Release _v11 October 2006 |
|
| 520 | _aBRE Certification recently obtained a licence from DCLG to operate a Competent Person Scheme, to help practitioners comply with the 2006 revisions to Part L of the Building Regulations. Under the scheme, individuals can gain certification for their ability to use the appropriate calculation tools to calculate carbon dioxide emission rates for buildings. The scheme is currently limited to the interface for the Simplified Building Energy Model for non-domestic buildings. | ||
| 590 | _aIKA311006, KA | ||
| 650 | 2 | 4 | _aBUILDING REGULATIONS 2000 APPROVED DOCUMENT L2B (2006 EDITION) |
| 650 | 2 | 4 | _aBUILDING REGULATIONS 2000 APPROVED DOCUMENT L2A (2006 EDITION) |
| 651 | 4 |
_aEngland and Wales _y1543- |
|
| 690 |
_aBuilding regulations _96224 |
||
| 856 | 4 | 0 |
_uhttps://www.bre.co.uk/newsdetails.jsp?id=415 _zView the news release free of charge at www.bre.co.uk... |
| 942 | _n0 | ||
| 999 |
_c77876 _d77876 |
||